Central Library OPAC University of Rajshahi

Negro and white youth; (Record no. 35027)

MARC details
000 -LEADER
fixed length control field 00971cam a22003011 4500
001 - CONTROL NUMBER
control field 35027
003 - CONTROL NUMBER IDENTIFIER
rucl marc code BD-RjUL
005 - DATE AND TIME OF LATEST TRANSACTION
control field 20211209052240.0
008 - FIXED-LENGTH DATA ELEMENTS--GENERAL INFORMATION
fixed length control field 140520s1963 nyu b 000 0 eng
035 ## - SYSTEM CONTROL NUMBER
System control number (BD-RjUL)35121
System control number (OCoLC)224489
040 ## - CATALOGING SOURCE
Original cataloging agency DLC
Transcribing agency ODaWU
Modifying agency OCoLC
-- DNLM
-- Uk
-- DLC
Language of cataloging eng
041 ## - LANGUAGE CODE
Language code of text/sound track or separate title eng
060 0# - NATIONAL LIBRARY OF MEDICINE CALL NUMBER
Classification number BF 731
Item number L884n 1963
082 ## - DEWEY DECIMAL CLASSIFICATION NUMBER
Classification number 151.28
Author mark and year LON 1963
100 1# - MAIN ENTRY--PERSONAL NAME
Personal name Lott, Albert J.
9 (RLIN) 106670
245 10 - TITLE STATEMENT
Title Negro and white youth;
Remainder of title a psychological study in a border-state community
Statement of responsibility, etc. Albert J. Lott [and] Bernice E. Lott.
260 ## - PUBLICATION, DISTRIBUTION, ETC. (IMPRINT)
Place of publication, distribution, etc. New York :
Name of publisher, distributor, etc. Holt, Rinehart and Winston ;
Date of publication, distribution, etc. 1963
300 ## - PHYSICAL DESCRIPTION
Pagination 236 p. ;
Size 22 cm.
504 ## - BIBLIOGRAPHY, ETC. NOTE
Bibliography, etc Includes bibliographies.
650 #0 - SUBJECT ADDED ENTRY--TOPICAL TERM
Topical term or geographic name as entry element African Americans
General subdivision Psychology.
9 (RLIN) 106671
Topical term or geographic name as entry element African Americans
Geographic subdivision Kentucky.
9 (RLIN) 106672
Topical term or geographic name as entry element Youth
Geographic subdivision Kentucky.
9 (RLIN) 106673
700 1# - ADDED ENTRY--PERSONAL NAME
Personal name Lott, Bernice E.,
Relator term joint author.
942 ## - ADDED ENTRY ELEMENTS (KOHA)
Source of classification or shelving scheme Dewey Decimal Classification
Koha item type Books
Holdings
Lost status Source of classification or shelving scheme Damaged status Not for loan Collection code Permanent Location Current Location Shelving location Date acquired Source of acquisition Cost, normal purchase price Total Checkouts Full call number Date last seen Copy number Koha item type
  Dewey Decimal Classification     Non-fiction Central Library, University of Rajshahi Central Library, University of Rajshahi   09/03/1966 Zitlinger 0.00   151.28 LON 1963 20/05/2014 C-2 Books
  Dewey Decimal Classification   Not For Loan Non-fiction Central Library, University of Rajshahi Central Library, University of Rajshahi Reading Room 09/03/1966 Zeitlinger 0.00   151.28 LON 1963 20/05/2014 C-1 Books